| 000 | 01818 a2200241 4500 | ||
|---|---|---|---|
| 001 | 15 | ||
| 005 | 20260407155402.0 | ||
| 008 | 260407a2007 arg spa d | ||
| 003 | AR-UNSa-BCEJYS | ||
| 040 |
_aAR-UNSa-BCEJYS _bspa _cAR-UNSa-BCEJYS |
||
| 080 |
_a001.8 _xMetodología. Estudio general del método. Procedimientos científicos y técnicos para el estudio, La investigación y la discusión |
||
| 245 | 1 | 0 |
_aMetodologías cualitativas en ciencias sociales _pmodelos y procedimientos de análisis |
| 020 | _a950-786-415-6 | ||
| 250 | _a2a. ed. | ||
| 264 | 1 |
_aBuenos Aires : _bBiblos _c2007 |
|
| 300 |
_a206 p. _c23 cm. |
||
| 505 | _a1. Historias y relatos de vida: una herramienta Clave en metodologías cualitativas - 2. Ensamblando las voces: los actores en el texto sociológico - 3. La teoría fundamentada: su aplicación en una investigación sobre vida cotidiana con VIH/sida y con hepatitis C - 4. La agenda de la opinión pública a través de la discusión grupal. Una técnica de investigación cualitativa: el grupo focal - 5. Representaciones sociales: una teoría metodológicamente pluralista - 6. Algunos instrumentos para el análisis de las noticias en los medios gráficos - 7. Una mirada desde el análisis del discurso al género de la "mesa redonda": el encuentro de Urondo, Portantiero, Benedetti y Walsh en Cuba - 8. Verbo y situación comunicativa: los tiempos más allá del tiempo - 9. Entre el poder del discurso y el discurso del poder: aproximaciones teóricas y metodológicas al estudio del discurso político | ||
| 041 | _aspa | ||
| 942 | _cBK | ||
| 590 | _aniveau_biblio:m niveau_hierar:0 | ||
| 100 | 1 | _aKornblit, Ana Lidia | |
| 856 | 4 | 1 |
_uhttps://biblioeco.unsa.edu.ar/pmb/images/libros/Metodologias cualitativas en ciencias sociales2-l116821.jpg _yImagen de portada _qimage/jpeg |
| 999 |
_c12 _d12 |
||